[Event "WSTT 65+"]
[Site "?"]
[Date "2019.04.16"]
[Round "1.1"]
[White "Jones, Iolo C"]
[Black "Renman, Nils-Gustaf"]
[Result "0-1"]
[WhiteElo "2187"]
[BlackElo "2358"]
[PlyCount "94"]
[WhiteTeam "Wales"]
[BlackTeam "Sweden 1"]

1. d4 d5 2. Nf3 Nf6 3. Bf4 c5 4. e3 Nc6 5. c3 Qb6 6. Qb3 c4 7. Qxb6 axb6 8. Na3
e5 9. Nb5 Ra5 10. dxe5 Rxb5 11. exf6 Rxb2 12. Nd4 Nxd4 13. exd4 gxf6 14. Be2
Bf5 15. g4 Be4 16. f3 Bg6 17. Bc1 Rb1 18. Rxb1 Bxb1 19. a3 Kd7 20. O-O Bc2 21.
Rf2 Bb3 22. f4 Bd6 23. g5 f5 24. Bh5 Rf8 25. h4 Ba4 26. Bf3 Kc6 27. Kf1 Bb3 28.
Ke1 Ra8 29. Bh5 Bxa3 30. Bxa3 Rxa3 31. Bxf7 Ra1+ 32. Ke2 Rh1 33. g6 hxg6 34.
Bxg6 Bc2 35. h5 Be4 36. Kd2 b5 37. Re2 Kb6 38. Re3 Ka5 39. Re1 Rh4 40. Ra1+ Kb6
41. Ra8 b4 42. cxb4 Kb5 43. Rb8 Rh2+ 44. Ke3 Kxb4 45. Rxb7+ Kc3 46. Be8 Rh3+
47. Ke2 Kxd4 0-1

[Event "WSTT 65+"]
[Site "?"]
[Date "2019.04.16"]
[Round "1.2"]
[White "Uddenfeldt, Dan"]
[Black "Thornton, John D"]
[Result "1-0"]
[WhiteElo "2339"]
[BlackElo "2061"]
[PlyCount "95"]
[WhiteTeam "Sweden 1"]
[BlackTeam "Wales"]

1. d4 d5 2. c4 e6 3. Nf3 c5 4. cxd5 exd5 5. Nc3 Nc6 6. g3 Nf6 7. Bg5 Be7 8. Bg2
O-O 9. O-O c4 10. Ne5 Be6 11. b3 cxb3 12. axb3 h6 13. Bf4 Qb6 14. Na4 Qb5 15.
Nxc6 bxc6 16. Qc2 Rfc8 17. Rfc1 Nd7 18. Be3 Rab8 19. Rab1 Ba3 20. Rd1 Bf8 21.
Bf4 Ra8 22. Nc3 Qb7 23. h4 Re8 24. Na4 Rac8 25. Nc5 Nxc5 26. dxc5 Qe7 27. b4 g5
28. hxg5 hxg5 29. Be3 f6 30. Ra1 Rc7 31. Bd4 Bf7 32. Re1 Bg7 33. Ra6 Rb8 34.
Qc3 Bg6 35. e3 Bh7 36. Rea1 Rbb7 37. Bf1 f5 38. b5 Bxd4 39. Qxd4 cxb5 40. c6
Rb6 41. Rxb6 axb6 42. Ra8+ Kf7 43. Qxd5+ Kf6 44. Bxb5 f4 45. Qd4+ Kg6 46. Rh8
Kh6 47. Bd3 Qe6 48. Bxh7 1-0

[Event "WSTT 65+"]
[Site "?"]
[Date "2019.04.16"]
[Round "1.4"]
[White "Hedin, Gunnar"]
[Black "Bevan, Peter M"]
[Result "0-1"]
[WhiteElo "2195"]
[BlackElo "1920"]
[PlyCount "94"]
[WhiteTeam "Sweden 1"]
[BlackTeam "Wales"]

1. f4 d5 2. Nf3 Nf6 3. g3 g6 4. Bg2 c5 5. O-O Nc6 6. d3 Bg7 7. c3 O-O 8. Na3 b6
9. Qa4 Bd7 10. Qc2 Rc8 11. e4 c4 12. dxc4 dxe4 13. Ng5 Na5 14. b3 Bf5 15. Rd1
Qc7 16. Nb5 Qb7 17. Re1 a6 18. Nd4 b5 19. Nxe4 Nxe4 20. Bxe4 Bxe4 21. Qxe4 Qxe4
22. Rxe4 bxc4 23. b4 Nc6 24. Ne2 Nxb4 25. Bd2 Rfd8 26. Be1 Nc2 27. Rc1 Nxe1 28.
Rxe1 Rd2 29. Rxe7 Rxa2 30. Rb1 Bf8 31. Re4 f5 32. Re5 Bd6 33. Rd5 Bc5+ 34. Kf1
Bf8 35. Rb7 Re8 36. Nd4 Rxh2 37. Rdd7 Re3 38. Rb8 Rd3 39. Ke1 Rxc3 40. Ne2 Rb3
41. Rc8 Rb1+ 42. Kd2 c3+ 43. Ke3 Re1 44. Rdd8 Rexe2+ 45. Kd3 Rd2+ 46. Kxc3 Rxd8
47. Rxd8 Ra2 0-1

[Event "WSTT 65+"]
[Site "?"]
[Date "2019.04.17"]
[Round "2.1"]
[White "Morriss, Pete R"]
[Black "Jones, Iolo C"]
[Result "0-1"]
[WhiteElo "1968"]
[BlackElo "2187"]
[PlyCount "96"]
[WhiteTeam "Ireland"]
[BlackTeam "Wales"]

1. b4 Nf6 2. Bb2 e6 3. b5 d5 4. e3 a6 5. a4 axb5 6. axb5 Rxa1 7. Bxa1 Nbd7 8.
Nf3 Be7 9. c4 O-O 10. Nc3 Nb6 11. Qb3 dxc4 12. Bxc4 Nxc4 13. Qxc4 Nd5 14. O-O
Nb6 15. Qb3 Bd7 16. Rc1 Be8 17. Ne4 Nd5 18. Nc5 b6 19. Na6 Qd7 20. Nd4 Bd6 21.
Nb8 Qd8 22. Nbc6 Qh4 23. g3 Qh5 24. e4 Nf6 25. e5 Bxe5 26. Nxe6 Bxc6 27. Rxc6
Ra8 28. Bxe5 Qxe5 29. Nf4 Ra1+ 30. Kg2 Qe4+ 31. f3 Qe1 32. Qd3 Qe7 33. Qc4 Ra7
34. d4 Qd8 35. Nd3 Nd5 36. Kf2 Ra3 37. Qc2 Qe7 38. Ne5 Ra7 39. Qb3 Nf6 40. Rc2
Ra8 41. Qc4 Rc8 42. Nc6 Qd7 43. Na7 Ra8 44. Qxc7 Qxd4+ 45. Kg2 Re8 46. Nc6 Qd3
47. Rb2 Nd5 48. Ne5 Qf5 0-1

[Event "WSTT 65+"]
[Site "?"]
[Date "2019.04.17"]
[Round "2.2"]
[White "Thornton, John D"]
[Black "Carlile, Orison"]
[Result "1-0"]
[WhiteElo "2061"]
[BlackElo "2037"]
[PlyCount "57"]
[WhiteTeam "Wales"]
[BlackTeam "Ireland"]

1. e4 e6 2. d4 d5 3. Nc3 Nc6 4. Nf3 Nf6 5. e5 Ne4 6. Bd3 Bb4 7. Bd2 Nxd2 8.
Qxd2 Be7 9. O-O Bd7 10. Rfe1 g5 11. h3 h5 12. Bb5 g4 13. hxg4 hxg4 14. Nh2 Bg5
15. Qd3 Nb4 16. Qe2 Rxh2 17. Kxh2 Bf4+ 18. g3 Qh4+ 19. Kg1 Bxg3 20. fxg3 Qxg3+
21. Qg2 Qxg2+ 22. Kxg2 Nxc2 23. Bxd7+ Kxd7 24. Kg3 Rg8 25. Rac1 Nxd4 26. Rf1
Ke7 27. Nxd5+ exd5 28. Rxc7+ Kd8 29. Rxb7 1-0

[Event "WSTT 65+"]
[Site "?"]
[Date "2019.04.18"]
[Round "2.3"]
[White "Murray, Jim"]
[Black "Waterfield, John W"]
[Result "0-1"]
[WhiteElo "1845"]
[BlackElo "1928"]
[PlyCount "82"]
[WhiteTeam "Ireland"]
[BlackTeam "Wales"]

1. e4 g6 2. d4 Bg7 3. Nf3 c5 4. c3 cxd4 5. cxd4 d5 6. exd5 Nf6 7. Bb5+ Nbd7 8.
Nc3 O-O 9. O-O Nb6 10. h3 Nbxd5 11. Re1 a6 12. Bc4 e6 13. Bg5 Nxc3 14. bxc3 b5
15. Bb3 Bb7 16. Ne5 Rc8 17. Qd3 Qd6 18. Bd2 Rfd8 19. Qe2 Ne4 20. Bf4 Nxc3 21.
Qg4 Nd5 22. Nxf7 Qxf4 23. Qxf4 Nxf4 24. Nxd8 Rxd8 25. Rad1 Bxd4 26. h4 Kg7 27.
g3 Nh3+ 28. Kf1 e5 29. Be6 Bc8 30. Bxc8 Rxc8 31. Re2 Nxf2 32. Rxf2 Bxf2 33.
Kxf2 Rc2+ 34. Kf3 Rxa2 35. Rd7+ Kf6 36. Rxh7 b4 37. g4 Ra5 38. g5+ Ke6 39. Rg7
b3 40. Rxg6+ Kf7 41. Rf6+ Ke7 0-1

[Event "WSTT 65+"]
[Site "?"]
[Date "2019.04.17"]
[Round "2.4"]
[White "Harle, Bill"]
[Black "Lynch, Peter J"]
[Result "1/2-1/2"]
[WhiteElo "1734"]
[BlackElo "1696"]
[PlyCount "51"]
[WhiteTeam "Wales"]
[BlackTeam "Ireland"]

1. d4 d5 2. Nf3 Nf6 3. g3 e6 4. Bg2 Nbd7 5. O-O Bd6 6. b3 O-O 7. Bb2 c5 8. e3
Ne4 9. Nfd2 f5 10. c4 Qb6 11. cxd5 exd5 12. Nxe4 dxe4 13. Nd2 Qd8 14. Nc4 Be7
15. Qc2 b5 16. Nd2 a6 17. f3 exf3 18. Nxf3 Bb7 19. Rfd1 Qb6 20. dxc5 Nxc5 21.
Bd4 Qh6 22. Ne5 Bxg2 23. Qxg2 Rac8 24. Qd5+ Qe6 25. Bxc5 Qxd5 26. Rxd5 1/2-1/2

[Event "WSTT 65+"]
[Site "?"]
[Date "2019.04.19"]
[Round "4.1"]
[White "Jones, Iolo C"]
[Black "Rooze, Jan"]
[Result "0-1"]
[WhiteElo "2187"]
[BlackElo "2262"]
[PlyCount "114"]
[WhiteTeam "Wales"]
[BlackTeam "Belgium"]

1. c4 c5 2. g3 Nc6 3. Bg2 g6 4. Nc3 Bg7 5. e3 Nh6 6. Nge2 Nf5 7. O-O a6 8. d3
Rb8 9. Na4 d6 10. Nac3 Bd7 11. a4 O-O 12. Rb1 Na7 13. e4 Nd4 14. Nxd4 cxd4 15.
Ne2 b5 16. axb5 axb5 17. b3 bxc4 18. dxc4 Nc6 19. Bd2 Qb6 20. Nf4 Rfc8 21. Nd3
Na5 22. Bb4 Nb7 23. Bd2 Nc5 24. Nxc5 dxc5 25. Re1 Ra8 26. Bf1 Ra2 27. Bd3 Rca8
28. Bg5 h6 29. Bf4 e5 30. Bd2 h5 31. h4 Qf6 32. Be2 Kh7 33. Bg5 Qb6 34. Bf3
R8a3 35. Bc1 Ra8 36. Re2 Be6 37. Reb2 Rxb2 38. Rxb2 Ra1 39. Qd2 Qb7 40. Ra2 Rb1
41. Rb2 Ra1 42. Ra2 Qxb3 43. Rxa1 Qxf3 44. Ra3 Qxe4 45. f3 Qb1 46. Ra5 Qb3 47.
Rxc5 Qxf3 48. Qf2 Qd1+ 49. Qf1 Qg4 50. Qe1 Qf3 51. Qf2 Qd1+ 52. Qf1 Qb3 53. Kh2
Qb1 54. Kg1 Qb6 55. Rb5 Qc6 56. c5 Bh3 57. Qe2 d3 0-1

[Event "WSTT 65+"]
[Site "?"]
[Date "2019.04.20"]
[Round "5.1"]
[White "Vucenovic, Dragomir"]
[Black "Thornton, John D"]
[Result "1-0"]
[WhiteElo "2168"]
[BlackElo "2061"]
[PlyCount "87"]
[WhiteTeam "Switzerland"]
[BlackTeam "Wales"]

1. Nf3 f5 2. g3 Nf6 3. Bg2 e6 4. d4 d5 5. O-O Bd6 6. b3 Qe7 7. Bb2 O-O 8. c4 c6
9. Qc1 Nbd7 10. Ba3 dxc4 11. Bxd6 Qxd6 12. bxc4 e5 13. e3 e4 14. Nfd2 c5 15.
Qa3 Qb6 16. Nc3 cxd4 17. Rab1 Qc5 18. Qxc5 Nxc5 19. exd4 Ne6 20. Nb3 b6 21. f3
Ba6 22. fxe4 Nxe4 23. Nxe4 fxe4 24. Bxe4 Bxc4 25. Rfc1 Bxb3 26. Bxa8 Bxa2 27.
Rb2 Rxa8 28. Rxa2 Nxd4 29. Rc7 b5 30. Raxa7 Rxa7 31. Rxa7 b4 32. Rd7 Nc6 33.
Rb7 h6 34. Rb6 Ne5 35. Rxb4 Kf7 36. Rb6 Ng4 37. h3 Nf6 38. Kg2 h5 39. h4 Nd5
40. Ra6 Nf6 41. Kf3 g6 42. Ra7+ Ke6 43. Kf4 Ng4 44. Kg5 1-0

[Event "WSTT 65+"]
[Site "?"]
[Date "2019.04.21"]
[Round "6.2"]
[White "Wihlborn, Bengt"]
[Black "Thornton, John D"]
[Result "1/2-1/2"]
[WhiteElo "1820"]
[BlackElo "2061"]
[PlyCount "41"]
[WhiteTeam "Sweden 4"]
[BlackTeam "Wales"]

1. Nf3 d5 2. c4 e6 3. e3 c5 4. cxd5 exd5 5. d4 Nf6 6. Be2 Nc6 7. O-O Be7 8. b3
O-O 9. Bb2 Re8 10. Nc3 Bg4 11. dxc5 Bxc5 12. Rc1 Bf8 13. Nb5 Ne4 14. Nbd4 Rc8
15. Rc2 Nb4 16. Rxc8 Bxc8 17. a3 Nc6 18. b4 a5 19. b5 Nxd4 20. Qxd4 Be6 21. Rd1
1/2-1/2

[Event "WSTT 65+"]
[Site "?"]
[Date "2019.04.22"]
[Round "7.4"]
[White "Dawson, Alastair"]
[Black "Bevan, Peter M"]
[Result "0-1"]
[WhiteElo "1817"]
[BlackElo "1920"]
[PlyCount "148"]
[WhiteTeam "Scotland"]
[BlackTeam "Wales"]

1. d4 Nf6 2. Nf3 e6 3. g3 b6 4. Bg2 Bb7 5. O-O Be7 6. c4 O-O 7. d5 exd5 8. Nh4
Re8 9. Nf5 c6 10. Nxe7+ Qxe7 11. cxd5 Qxe2 12. Qxe2 Rxe2 13. Nc3 Re8 14. d6 Nd5
15. Nxd5 cxd5 16. b4 Na6 17. b5 Nc5 18. Rd1 Ne4 19. Bh3 Rac8 20. Bb2 Nxf2 21.
Bxd7 Nxd1 22. Rxd1 Re2 23. Bxc8 Bxc8 24. Rc1 Bh3 25. Rc7 Rg2+ 26. Kf1 Rxb2+ 27.
Ke1 Rxb5 28. Rxa7 h6 29. d7 Bxd7 30. Rxd7 Kf8 31. a4 Ra5 32. Rd6 Ke7 33. Rxb6
Rxa4 34. h3 Ra2 35. Kf1 Ra4 36. Kf2 Re4 37. Kf3 Re6 38. Rb7+ Kf6 39. Rb4 Ke5
40. Ke3 Ra6 41. Rb3 Rc6 42. Kd3 Rg6 43. Ke2 Kd4 44. g4 Kc4 45. Ra3 d4 46. Ra4+
Kc3 47. Ra3+ Kb4 48. Rd3 Kc4 49. Ra3 Re6+ 50. Kd2 Rb6 51. Ra2 Rf6 52. Ra4+ Kd5
53. Ra3 Rf2+ 54. Ke1 Rh2 55. Ra7 Rxh3 56. Rxf7 g5 57. Kd2 Ke4 58. Re7+ Kf4 59.
Rd7 Kxg4 60. Rxd4+ Kf5 61. Rd8 Rf3 62. Rh8 Kg6 63. Ke2 Rf6 64. Rg8+ Kh5 65. Rg7
g4 66. Ra7 Kh4 67. Ra1 Kh3 68. Rh1+ Kg2 69. Rh4 Re6+ 70. Kd2 Kf3 71. Rh5 g3 72.
Rf5+ Kg4 73. Rf8 g2 74. Rg8+ Kh3 0-1

[Event "WSTT 65+"]
[Site "?"]
[Date "2019.04.23"]
[Round "8.1"]
[White "Andersson, Kaj"]
[Black "Jones, Iolo C"]
[Result "0-1"]
[WhiteElo "2030"]
[BlackElo "2187"]
[PlyCount "204"]
[WhiteTeam "Sweden 3"]
[BlackTeam "Wales"]

1. e4 e5 2. Nf3 Nf6 3. Nxe5 d6 4. Nf3 Nxe4 5. d4 d5 6. Bd3 Nc6 7. O-O Be7 8. c4
Nf6 9. Nc3 Nb4 10. Bg5 Nxd3 11. Qxd3 dxc4 12. Qxc4 c6 13. Bxf6 Bxf6 14. Rfe1+
Be6 15. d5 cxd5 16. Nxd5 O-O 17. Nxf6+ Qxf6 18. Qd4 Qxd4 19. Nxd4 Bd5 20. Nf5
Be6 21. Nd4 Bd7 22. f3 Rfd8 23. Rac1 Rac8 24. Kf2 Kf8 25. a3 a6 26. Rxc8 Rxc8
27. g3 Rc5 28. Ke3 Ke7 29. Rd1 Re5+ 30. Kd3 Bb5+ 31. Nxb5 Rxb5 32. Re1+ Kd6 33.
Kc3 Rc5+ 34. Kd3 Rd5+ 35. Kc3 g5 36. Re8 Rf5 37. Rd8+ Kc5 38. Rd3 h5 39. Re3 h4
40. g4 Rf4 41. b4+ Kd5 42. Rd3+ Kc6 43. h3 f5 44. Kd2 fxg4 45. fxg4 b6 46. Ke2
a5 47. bxa5 bxa5 48. Rd8 Re4+ 49. Kf2 Kc5 50. Rd3 Re5 51. Rf3 a4 52. Rc3+ Kd4
53. Rc8 Rc5 54. Ra8 Rc2+ 55. Kg1 Ke3 56. Rxa4 Kf3 57. Rb4 Rc3 58. Kh2 Rxa3 59.
Rb5 Ra2+ 60. Kh1 Re2 61. Kg1 Rg2+ 62. Kh1 Re2 63. Kg1 Kf4 64. Ra5 Re5 65. Ra8
Kf3 66. Ra7 Re2 67. Ra8 Rd2 68. Ra4 Ke2 69. Ra8 Rd3 70. Kh2 Rd2 71. Kg1 Ke3 72.
Ra7 Re2 73. Ra8 Kf3 74. Ra7 Rg2+ 75. Kh1 Rf2 76. Ra3+ Kf4 77. Ra5 Kg3 78. Kg1
Rf3 79. Rxg5 Kxh3 80. Rg8 Kg3 81. g5 h3 82. Rh8 Ra3 83. Kf1 Ra1+ 84. Ke2 Ra6
85. Ke3 Rg6 86. Rh5 Kg4 87. Rh8 Kg3 88. Rh5 Re6+ 89. Kd4 Kg4 90. Rh8 Rg6 91.
Ke3 Kg3 92. Rh5 Re6+ 93. Kd4 Kg4 94. Rh8 Rg6 95. Ke3 Ra6 96. Ke4 Re6+ 97. Kd5
Rg6 98. Ke4 Rxg5 99. Ra8 Rg7 100. Ke3 h2 101. Ra1 Kg3 102. Ke2 Rh7 0-1

[Event "WSTT 65+"]
[Site "?"]
[Date "2019.04.23"]
[Round "8.4"]
[White "Harle, Bill"]
[Black "Andersson, Sven-Olof"]
[Result "0-1"]
[WhiteElo "1734"]
[BlackElo "1904"]
[PlyCount "74"]
[WhiteTeam "Wales"]
[BlackTeam "Sweden 3"]

1. d4 Nf6 2. Nf3 g6 3. g3 Bg7 4. Bg2 d5 5. O-O O-O 6. b3 c6 7. Bb2 Nbd7 8. Nbd2
Qc7 9. Rc1 Qa5 10. a3 b5 11. b4 Qc7 12. Nb3 Ne4 13. Nfd2 f5 14. Qe1 Nb6 15.
Nxe4 fxe4 16. e3 Nc4 17. Qc3 e5 18. Nd2 exd4 19. exd4 Bh6 20. Nxc4 Bxc1 21.
Bxc1 bxc4 22. Bh6 Rf7 23. Qe3 Bd7 24. c3 a5 25. Bf4 Rxf4 26. Qxf4 Qxf4 27. gxf4
axb4 28. axb4 Ra2 29. Rc1 Kf7 30. h4 Kf6 31. Re1 Bg4 32. Kh2 Rxf2 33. Kg3 Rc2
34. Re3 Kf5 35. Bf1 Rc1 36. Bg2 Rd1 37. Kf2 Kxf4 0-1

[Event "WSTT 65+"]
[Site "?"]
[Date "2019.04.24"]
[Round "9.1"]
[White "Jones, Iolo C"]
[Black "Baruch, Andrew J D"]
[Result "0-1"]
[WhiteElo "2187"]
[BlackElo "2039"]
[PlyCount "74"]
[WhiteTeam "Wales"]
[BlackTeam "England 3"]

1. d4 Nf6 2. Nf3 e6 3. c4 Bb4+ 4. Nbd2 d5 5. e3 O-O 6. Bd3 dxc4 7. Bxc4 Nbd7 8.
O-O Bd6 9. e4 e5 10. d5 Nb6 11. Bb3 Bg4 12. h3 Bh5 13. Re1 Nfd7 14. g4 Bg6 15.
Nf1 h5 16. Ng3 hxg4 17. hxg4 Nc5 18. Bc2 a5 19. Kg2 f6 20. Nh4 Be8 21. Nhf5 Bd7
22. Nxd6 cxd6 23. Nf5 Bxf5 24. gxf5 Kf7 25. Rh1 Rh8 26. Be3 Rxh1 27. Qxh1 Qh8
28. Bxc5 dxc5 29. Rc1 Qxh1+ 30. Rxh1 Nc4 31. Bd1 Nd6 32. Bc2 b5 33. Kf3 a4 34.
Ke2 b4 35. Rh3 c4 36. Re3 b3 37. Bd1 a3 0-1

[Event "WSTT 50+"]
[Site "?"]
[Date "2019.04.16"]
[Round "1.1"]
[White "Garbarino, Rodolfo"]
[Black "Zeidler, Sven P."]
[Result "1/2-1/2"]
[WhiteElo "2335"]
[BlackElo "2168"]
[PlyCount "91"]
[WhiteTeam "Argentina"]
[BlackTeam "Wales"]

1. e4 Nc6 2. Nc3 Nf6 3. d4 d5 4. e5 Nd7 5. Nge2 Nb6 6. Nf4 e6 7. Be3 Na5 8. Nh5
Nac4 9. Qg4 Nxe3 10. fxe3 f5 11. exf6 gxf6 12. O-O-O f5 13. Qf3 Bh6 14. Nf4 O-O
15. h3 c6 16. g4 Qe7 17. gxf5 e5 18. dxe5 Qxe5 19. Rg1+ Kh8 20. Qg3 Bxf4 21.
exf4 Qf6 22. Bd3 Bd7 23. Rde1 Rg8 24. Qf2 Rxg1 25. Rxg1 Rg8 26. Rxg8+ Kxg8 27.
Qg3+ Kf7 28. Qg4 Nc8 29. Ne2 Nd6 30. Ng3 Ne8 31. c3 Ng7 32. h4 Qe7 33. Kd2 Qc5
34. Qe2 Qg1 35. f6 Kxf6 36. Qe5+ Kf7 37. Nh5 Qf2+ 38. Be2 Nxh5 39. Qxh5+ Kg7
40. Qg5+ Kf7 41. Kd1 Bh3 42. Qh5+ Ke6 43. Qe5+ Kd7 44. Qg7+ Kd6 45. Qe5+ Kd7
46. Qg7+ 1/2-1/2

[Event "WSTT 50+"]
[Site "?"]
[Date "2019.04.16"]
[Round "1.2"]
[White "Fletcher, John"]
[Black "Llanos, Guillermo"]
[Result "0-1"]
[WhiteElo "1974"]
[BlackElo "2293"]
[PlyCount "78"]
[WhiteTeam "Wales"]
[BlackTeam "Argentina"]

1. d4 d5 2. e4 dxe4 3. Nc3 Nf6 4. f3 c5 5. d5 exf3 6. Nxf3 g6 7. Be3 Nbd7 8.
Qd2 Bg7 9. O-O-O O-O 10. Bh6 a6 11. h4 Bxh6 12. Qxh6 Ng4 13. Qd2 h5 14. Ne4
Ndf6 15. Nfg5 Bf5 16. Ng3 Bd7 17. N3e4 Rc8 18. Qf4 Nxe4 19. Nxe4 Bf5 20. Ng3
Qd6 21. Qxd6 exd6 22. Nxf5 gxf5 23. Rd2 Rce8 24. Be2 Re5 25. Bf3 Rfe8 26. b3
Kg7 27. Kb2 Kg6 28. Rf1 Ne3 29. Rg1 Kh6 30. a4 f4 31. Kc3 Nf5 32. Rh1 Re3+ 33.
Rd3 b5 34. axb5 axb5 35. Kd2 b4 36. Ra1 Nxh4 37. Ra7 Nxf3+ 38. gxf3 Re1 39.
Rxf7 R8e2# 0-1

[Event "WSTT 50+"]
[Site "?"]
[Date "2019.04.16"]
[Round "1.3"]
[White "Grushka, Carlos"]
[Black "Adams, Mark"]
[Result "1-0"]
[WhiteElo "2251"]
[BlackElo "1971"]
[Annotator "John"]
[PlyCount "84"]
[WhiteTeam "Argentina"]
[BlackTeam "Wales"]

{[%evp 0,84,28,27,27,-5,23,13,-5,6,16,17,17,24,25,16,39,-2,-4,2,35,31,49,8,75,
91,125,76,68,79,82,94,92,50,40,39,60,62,59,58,69,70,70,57,86,89,95,90,83,41,51,
66,81,38,55,19,97,44,42,13,-3,0,17,0,0,-34,-19,-34,-19,-62,-72,-100,-67,-64,
-62,-62,-47,-71,-69,-71,-71,-79,-87,-91,-97,-97,-96]} 1. d4 Nf6 2. g3 c5 3. d5
d6 4. Bg2 g6 5. Nc3 Bg7 6. Nf3 O-O 7. O-O Na6 8. Nd2 Nc7 9. a4 Bd7 10. Nc4 Rb8
11. Re1 Nfe8 12. e4 e5 13. dxe6 Bxe6 14. Nd5 Nxd5 15. exd5 Bf5 16. g4 Bc8 17.
Bf4 b6 18. c3 Ba6 19. Bf1 Bxc4 20. Bxc4 Nc7 21. Qf3 Qd7 22. Qg3 Rfd8 23. Re3
Bf8 24. Qh4 f6 25. Qxf6 Qxg4+ 26. Rg3 Qd7 27. Re1 Qf7 28. Qg5 Re8 29. Re6 Nxe6
30. dxe6 Qe7 31. Qd5 Kh8 32. Bg5 Qb7 33. Bf6+ Bg7 34. Bxg7+ Qxg7 35. Bb5 Re7
36. Qxd6 Rf8 37. Bc6 Rf6 38. Bd5 Qf8 39. Qe5 Qg7 40. Re3 Rf5 41. Qb8+ Qf8 42.
Qxf8+ Rxf8 {Further moves were played} 1-0

[Event "WSTT 50+"]
[Site "?"]
[Date "2019.04.16"]
[Round "1.4"]
[White "Hughes, Anthony"]
[Black "Perez Wertheim, Rodolfo"]
[Result "0-1"]
[WhiteElo "1910"]
[BlackElo "1914"]
[PlyCount "82"]
[WhiteTeam "Wales"]
[BlackTeam "Argentina"]

1. d4 Nf6 2. Nf3 g6 3. g3 Bg7 4. Bg2 O-O 5. O-O d6 6. a4 Nbd7 7. a5 Rb8 8. Nc3
c5 9. e4 cxd4 10. Nxd4 a6 11. Be3 Ne5 12. Qe2 Qc7 13. Nd5 Nxd5 14. exd5 Nc4 15.
Ra4 Nxe3 16. fxe3 Bd7 17. Qc4 Qc5 18. Rb4 Qxa5 19. Nb3 Qd8 20. Nd4 b5 21. Qa2
a5 22. Rb3 Bxd4 23. exd4 Qb6 24. Rd3 Rbc8 25. Rd2 Rc4 26. c3 Rfc8 27. Rc1 b4
28. Bf1 bxc3 29. bxc3 Rxc3 30. Rb1 Qa7 31. Ra1 Rc1 32. Kf2 a4 33. Ke3 Qb6 34.
Bd3 R8c3 35. Rb2 Qa6 36. Rd2 Rxa1 37. Qxa1 Qc4 38. Qb1 Bf5 39. Ke2 Rxd3 40.
Rxd3 Qxd3+ 41. Qxd3 a3 0-1

[Event "WSTT 50+"]
[Site "?"]
[Date "2019.04.18"]
[Round "3.4"]
[White "Smith, Lynda"]
[Black "Jackson, Sheila"]
[Result "1/2-1/2"]
[WhiteElo "1824"]
[BlackElo "2051"]
[PlyCount "73"]
[WhiteTeam "Wales"]
[BlackTeam "England 2"]

1. e4 e5 2. Nf3 Nc6 3. Bb5 a6 4. Bxc6 dxc6 5. d4 exd4 6. Qxd4 Qxd4 7. Nxd4 Bd6
8. Be3 Ne7 9. Nd2 Ng6 10. Nc4 Bf4 11. Bxf4 Nxf4 12. g3 Ne6 13. Nxe6 Bxe6 14.
Ne3 O-O-O 15. Ke2 Rd4 16. f3 Rhd8 17. Rhd1 c5 18. a3 b5 19. g4 g5 20. c3 Rxd1
21. Rxd1 Rxd1 22. Nxd1 Kd7 23. Ke3 Kd6 24. Nf2 f6 25. Nd3 c4 26. Nf2 Ke5 27.
Nh1 c5 28. Ng3 Bf7 29. Nf5 h5 30. gxh5 Bxh5 31. h4 Bg6 32. hxg5 fxg5 33. Ne7
Be8 34. Nd5 Bc6 35. Ne7 Bd7 36. Nd5 Bc6 37. Ne7 1/2-1/2